Представление документа в формате RUSMARC

ПолеНазваниеЗначение
  Тип записи a
  Библиографический уровень m
001 Контрольный номер RU\NLR\BIBL_A\010357228
005 Дата корректировки 20230512151334.2
010 Индекс ISBN __
a ISBN 978-5-9691-1186-8 (в пер.)
d Цена 337-56
100 Данные общей обработки __
a Данные общей обработки 19160310d2014||||||| 0rusy0189 ca
101 Язык документа 0_
a Язык текста rus
102 Страна публикации __
a Страна публикации RU|
105 Кодированные данные (монография) __
a Кодированные данные (монография) y|||z|||000zy
200 Заглавие и сведения об ответственности 1_
a Заглавие Эффект Ребиндера
e Сведения, относящиеся к заглавию роман : [16+]
f Первые сведения об ответственности Елена Минкина-Тайчер
b Общее обозначение материала Текст
210 Выходные данные 1_
a Место издания Москва
c Издательство Время
d Дата издания 2014
215 Физическое описание __
a Объем 349, [1] с.
d Формат 17 см
225 Серия 2_
a Серия Серия "Самое время!"
300 Общие примечания __
a Общие примечания 2000 экз.
330 Аннотация __
a Аннотация Этот роман - "собранье пестрых глав", где каждая глава названа строкой из Пушкина и являет собой самостоятельный рассказ об одном из героев. Частные истории разрастаются в картину российской истории XX века, но роман не историческое полотно, а скорее многоплановая семейная сага, и чем дальше развивается повествование, тем более сплетаются судьбы героев вокруг загадочной семьи Катениных, потомков "того самого Катенина", друга Пушкина. Роман полон загадок и тайн, страстей и обид, любви и горьких потерь. И все чаще возникает аналогия с узко научным понятием "эффект Ребиндера" - как капля олова ломает гибкую стальную пластинку, так незначительное, на первый взгляд, событие полностью меняет и ломает конкретную человеческую жизнь.
333 Примечание о целевом назначении __
a Примечание о целевом назначении 16+. Для детей старше 16 лет
606 Тематические рубрики __
a Основная рубрика Художественная литература
606 Тематические рубрики __
a Основная рубрика Современная русская литература (произведения)
z Хронологическая подрубрика 20 в.
z Хронологическая подрубрика 21 в.
y Географическая подрубрика Россия
610 Ключевые слова 0_
a Ключевые слова женская проза
a Ключевые слова женские романы
a Ключевые слова романы
a Ключевые слова современная литература
a Ключевые слова тема взаимоотношений
a Ключевые слова тема жизни
a Ключевые слова тема семьи
a Ключевые слова тема судьбы
686 Индексы других классификаций __
2 Код системы rubbks
a Классификационный индекс 84(2=411.2)6-4; ст84(2Рос=Рус)6
700 Автор _1
a Фамилия Минкина-Тайчер
b Имя Е. М.
f Даты 1956-
g Полное личное имя Елена Михайловна
4 Код отношения 070
801 Источник записи _0
a Страна RU
b Организация Муниципальное бюджетное учреждение культуры "Централизованная библиотечная система" г. Сургут (Центральная городская библиотека им. А. С. Пушкина)
c Дата составления 20160310
g Правила каталогизации КиК/Коробейникова
801 Источник записи _1
a Страна RU
b Организация Муниципальное бюджетное учреждение культуры "Централизованная библиотечная система" г. Сургут (Центральная городская библиотека им. А. С. Пушкина)
c Дата составления 20160310
g Правила каталогизации КиК/Коробейникова
852 Данные о местонахождении __
j Шифр хранения 84(2=411.2)6-4
i Авторский знак М 61
901 Тип документа __
t Тип документа m
903 Характеристики (МАРС) __
a Дата передачи 20160310
990 Данные о заказе (DOS) __
j Количество экземпляров (DOS) 9
t N записи в КСУ для И/У (DOS) 201603